000 01096nam a22003017a 4500
001 03852
003 HDC
007 cr bn ---aaaaa
008 210111t1998 nyu||||| |||| 00| 0 eng
020 _a0-203-22306-3
040 _aHDC
100 _aFirst, Neal L.
_eauthor
_93665
245 0 _aAgricultural Biotechnology. Chapter 36 :
_bProspects and Limitations of Agricultural Biotechnologies: An Update / by
_cNeal L. First, Jeff Schell, Indra K. Vasil
260 _aNew York :
_bMARCEL DEKKER,
_c1998
300 _a6 pages
336 _atext
_2rdacontent
337 _acomputer
_2rdamedia
338 _aonline resource
_2rdacarrier
650 _aAgricultural Biotechnology
_91565
650 _aBiotechnology prospect
_93726
650 _aTransgenic Livestock
_93602
700 _aSchell, Jeff
_eauthor
_93727
700 _aVasil, Indra K.
_eauthor
_93728
856 _zRequest full-text at [email protected]
942 _2lcc
942 _cCHAP
942 _kEBCH 001721
999 _c1177
_d1177